Born in Ohio Quiz Stats

Quiz Updated Aug 17, 2015

Also try: Born in New Jersey
Challenge
Share
Tweet
Score 0/20 Timer 05:00
1 Play Today
% Correct
ActorHalle Berry
91.2%
MusicianMarilyn Manson
87.2%
AthleteLeBron James
84.2%
ActorSarah Jessica Parker
83.6%
DirectorSteven Spielberg
83.3%
AstronautNeil Armstrong
77.1%
AthletePete Rose
66.1%
BusinessmanDon King
65.6%
MusicianJohn Legend
64.7%
ActorKatie Holmes
64.6%
% Correct
ActorClark Gable
60.3%
ActorPaul Newman
60.1%
MusicianDave Grohl
58.7%
InventorThomas Edison
57.7%
MusicianDean Martin
57.3%
BusinessmanTed Turner
53.9%
AthleteJack Nicklaus
50.5%
ComedianPhyllis Diller
45.2%
MusicianMacy Gray
42.8%
ModelCarmen Electra
42.2%

You're not logged in!

Compare scores with friends on all Sporcle quizzes.
Join for Free
OR
Log In

You Might Also Like...

Show Comments

Extras

Top Quizzes Today


Score Distribution

Your Account Isn't Verified!

In order to create a playlist on Sporcle, you need to verify the email address you used during registration. Go to your Sporcle Settings to finish the process.

Report this User

Report this user for behavior that violates our Community Guidelines.

Details: